000 00430nam a22001817a 4500
003 CEME
005 20210628210251.0
008 210216b xxu||||| |||| 00| 0 eng d
020 _a969-0-01083-2
040 _c.
082 _a910.4 FAR
100 _aFarkhanda Jali.Dr
_978799
245 _aCredit card
260 _aLAHORE
_bFEROZE SONS
_c1992
300 _a102P
650 _aURDU ADAB-SAFAR NAMA
_966376
942 _cBK
_2ddc
999 _c583873
_d583873